Química general enlace químico y estructura de la materia

Bibliographic Details
Main Authors: Petrucci, Ralph H., Harwood, William, Herring, Geoffrey
Format: Section = Libro
Language:Undetermined
Spanish
Published: Madrid, España Prentice Hall 2003
Edition:8a.ed.
Subjects:
LEADER 00686nam a2200253Ia 4500
008 240829s9999 xx 000 0 und d
020 |a 84-205-3782-9 
040 |a BIBLIOTECA-RUSB/ 540 P498 
041 |a spa 
082 |a 540 P498 
100 1 |a Petrucci, Ralph H. 
100 1 |b  Harwood, William 
100 1 |c  Herring, Geoffrey 
245 1 0 |a Química general enlace químico y estructura de la materia 
250 |a 8a.ed. 
260 |a Madrid, España  |b Prentice Hall  |c 2003 
300 |a 577 p. :il. 
650 7 |a QUIMICA GENERAL 
650 7 |b  PROPIEDADES DE LA MATERIA 
650 7 |c  ATOMOS 
650 7 |d  COMPUESTOS QUIMICOS 
942 |c BK  |2 ddc 
991 |a TEXTO 
999 |c 2304